000 00667nam a22001937a 4500
003 OSt
005 20251120134542.0
008 251120b |||||||| |||| 00| 0 eng d
020 _a0-673-39807-2
040 _aDWC-Main lib
_cOC
082 _aCirc. 150 P485 1991
100 _aPeterson, C.
245 _aIntroduction to Psychology
_cPterson, Christopher
260 _aNew York :
_bHarper Collins Publishers, Inc.,
_cc1991
300 _axiv, 725 pages :
_bcolored illustration :
_c25 cm.
504 _aIncludes bibliographical references and index
650 _2Psychology
942 _2ddc
_cBK-CIRC
_hCirc. 150 P485 1991
_kCirc.
_n0
999 _c5885
_d5885